[Event "COL-ch"]
[Site "Bogota"]
[Date "2018.11.10"]
[Round "7"]
[White "Castaneda, Victor"]
[Black "Cardozo Munar, Carlos Eduardo"]
[Result "0-1"]
[WhiteElo "1836"]
[BlackElo "2064"]
[PlyCount "42"]
[EventDate "2018.11.06"]
[EventType "swiss"]
[EventRounds "9"]
[EventCountry "COL"]
[SourceTitle "CBM 187 Extra"]
[Source "ChessBase"]
[SourceDate "2018.11.04"]
[SourceVersion "1"]
[SourceVersionDate "2018.11.04"]
[SourceQuality "1"]

1. c4 e6 2. Nf3 d5 3. d4 c6 4. e3 Bd6 5. Nc3 Nf6 6. Be2 Nbd7 7. 0-0 0-0 8. b3 a6 9. Bb2 b5 10. c5 Bc7 11. b4 e5 12. dxe5 Nxe5 13. Nxe5 Bxe5 14. f4 Bc7 15. Qd4 Bf5 16. g4 Bxg4 17. Bxg4 Nxg4 18. Nxd5 f6 19. Nxc7 Qxc7 20. h3 Rad8 21. Bc3 Rxd4 0-1

[Event "COL-ch"]
[Site "Bogota"]
[Date "2018.11.09"]
[Round "5"]
[White "Castaneda, Victor"]
[Black "Pasquel Gomez, Luis Enrique"]
[Result "1-0"]
[WhiteElo "1836"]
[BlackElo "2056"]
[PlyCount "59"]
[EventDate "2018.11.06"]
[EventType "swiss"]
[EventRounds "9"]
[EventCountry "COL"]
[SourceTitle "CBM 187 Extra"]
[Source "ChessBase"]
[SourceDate "2018.11.04"]
[SourceVersion "1"]
[SourceVersionDate "2018.11.04"]
[SourceQuality "1"]

1. d4 Nf6 2. Nf3 e6 3. g3 d5 4. c4 Be7 5. Bg2 0-0 6. 0-0 c6 7. Qc2 b6 8. Rd1 Nbd7 9. b3 Bb7 10. Nc3 Rc8 11. e4 Ba6 12. e5 Ne8 13. Bf1 Qc7 14. Bb2 Qb7 15. cxd5 cxd5 16. Bxa6 Qxa6 17. Qd3 Qxd3 18. Rxd3 Nc7 19. Rc1 f6 20. Ne2 fxe5 21. Nxe5 Nxe5 22. dxe5 Na6 23. Rxc8 Rxc8 24. Rc3 Rc5 25. Nd4 Nc7 26. Nc6 Rxc3 27. Bxc3 Nb5 28. Nxe7+ Kf7 29. Bb4 a5 30. Bd6 1-0

[Event "Bogota AlphaZero op"]
[Site "Bogota"]
[Date "2018.08.20"]
[Round "6"]
[White "Dominguez Rincon, Miller Duvan"]
[Black "Castaneda, Victor"]
[Result "1-0"]
[WhiteElo "2051"]
[BlackElo "1836"]
[PlyCount "59"]
[EventDate "2018.08.17"]
[EventType "swiss"]
[EventRounds "7"]
[EventCountry "COL"]
[SourceTitle "CBM 186 Extra"]
[Source "ChessBase"]
[SourceDate "2018.08.24"]
[SourceVersion "1"]
[SourceVersionDate "2018.08.24"]
[SourceQuality "1"]

1. e4 c5 2. Nf3 d6 3. d4 cxd4 4. Nxd4 Nf6 5. Nc3 a6 6. Bc4 e6 7. Bb3 Be7 8. g4 h6 9. h4 Qc7 10. Rg1 Nc6 11. g5 hxg5 12. hxg5 Nxd4 13. Qxd4 Nh5 14. Be3 Bd7 15. 0-0-0 0-0-0 16. Qb4 b5 17. Qd4 Bc6 18. a4 Qb7 19. axb5 axb5 20. f3 Rhe8 21. Rd3 g6 22. Kd2 Kc7 23. Nd5+ exd5 24. exd5 Kd7 25. Ra1 Ra8 26. dxc6+ Qxc6 27. Bd5 Qc5 28. Qg4+ Kc7 29. Bxc5 Rxa1 30. Be3 1-0

[Event "Bogota Distrital-ch 78th"]
[Site "Bogota"]
[Date "2016.04.09"]
[Round "4"]
[White "Salcedo, Jackeline"]
[Black "Castaneda, Victor"]
[Result "1-0"]
[WhiteElo "1945"]
[BlackElo "1851"]
[PlyCount "57"]
[EventDate "2016.04.08"]
[EventType "swiss"]
[EventRounds "6"]
[EventCountry "COL"]
[SourceTitle "CBM 172 Extra"]
[Source "ChessBase"]
[SourceDate "2016.06.21"]
[SourceVersion "1"]
[SourceVersionDate "2016.06.21"]
[SourceQuality "1"]

1. d4 Nf6 2. c4 e6 3. Nc3 b6 4. Nf3 Bb4 5. Bd2 Bb7 6. e3 0-0 7. Bd3 d5 8. cxd5 exd5 9. 0-0 Nbd7 10. a3 Bxc3 11. Bxc3 Ne4 12. Qc2 Ndf6 13. Bb4 c5 14. dxc5 a5 15. c6 axb4 16. cxb7 Rb8 17. axb4 Rxb7 18. b5 Nc5 19. Nd4 Nxd3 20. Qxd3 Qd6 21. Rfc1 Ng4 22. Nf3 Rbb8 23. Rc6 Qb4 24. Qd4 Qxd4 25. exd4 Ra8 26. Ra6 Rae8 27. h3 Nf6 28. Ne5 Re7 29. Rcxb6 1-0

[Event "Mosquera op"]
[Site "Mosquera"]
[Date "2014.11.01"]
[Round "5"]
[White "Castaneda, Victor"]
[Black "Soto, Christian Camilo"]
[Result "0-1"]
[WhiteElo "1862"]
[BlackElo "2091"]
[PlyCount "92"]
[EventDate "2014.10.30"]
[EventType "swiss"]
[EventRounds "9"]
[EventCountry "COL"]
[SourceTitle "EXT 2015"]
[Source "ChessBase"]
[SourceDate "2014.11.20"]
[SourceVersion "1"]
[SourceVersionDate "2014.11.20"]
[SourceQuality "1"]

1. c4 Nf6 2. Nc3 d5 3. cxd5 Nxd5 4. g3 g6 5. Bg2 c6 6. Qa4 Nb6 7. Qc2 Bg7 8. Nf3 0-0 9. 0-0 N8d7 10. d3 e5 11. Bg5 f6 12. Be3 Qe7 13. Rac1 h6 14. Qb3+ Kh8 15. Nh4 Kh7 16. a4 Nb8 17. Bxb6 axb6 18. Qxb6 Ra6 19. Qb3 Be6 20. Qa3 Qxa3 21. bxa3 Nd7 22. Rb1 Nc5 23. Ne4 Nxe4 24. Bxe4 f5 25. Bh1 Rf7 26. e3 Rxa4 27. Ra1 e4 28. d4 c5 29. Rab1 cxd4 30. Rb6 Re7 31. exd4 Bxd4 32. Rb4 Rxb4 33. axb4 Bc3 34. b5 Bd4 35. Rd1 Bc5 36. Ng2 b6 37. Nf4 Bc4 38. Rb1 Rd7 39. Bg2 Rd2 40. Nh3 Bd3 41. Ra1 Bxb5 42. Bf1 Bxf1 43. Kxf1 g5 44. Ra7+ Kg6 45. Rc7 Kh5 46. f4 exf3 0-1

[Event "Pan American Amateur-ch"]
[Site "San Andres Islas"]
[Date "2014.08.27"]
[Round "3"]
[White "Castaneda, Victor"]
[Black "Prado, Leonardo"]
[Result "1/2-1/2"]
[WhiteElo "1881"]
[BlackElo "1954"]
[PlyCount "123"]
[EventDate "2014.08.26"]
[EventType "swiss"]
[EventRounds "9"]
[EventCountry "COL"]
[SourceTitle "EXT 2016"]
[Source "ChessBase"]
[SourceDate "2015.10.08"]
[SourceVersion "1"]
[SourceVersionDate "2015.10.08"]
[SourceQuality "1"]

1. c4 e6 2. Nc3 d5 3. d4 c6 4. cxd5 exd5 5. Nf3 Nf6 6. Bg5 Nbd7 7. e3 Bd6 8. Bd3 0-0 9. 0-0 h6 10. Bh4 Re8 11. Qc2 Nf8 12. Rae1 Bg4 13. Nd2 Be6 14. f4 Be7 15. h3 Rc8 16. f5 Bd7 17. Nf3 N8h7 18. Qf2 Ne4 19. Bxe4 Bxh4 20. Qxh4 Qxh4 21. Nxh4 dxe4 22. g4 c5 23. Rd1 cxd4 24. Rxd4 Bc6 25. Kh2 Ng5 26. Kg3 Kf8 27. Rfd1 Re5 28. Rd8+ Rxd8 29. Rxd8+ Ke7 30. Rd4 a6 31. a3 Ke8 32. Rd6 Ke7 33. Rd4 Ke8 34. Rd6 Nh7 35. Ng2 Nf6 36. Nf4 Re7 37. Nfe2 Rd7 38. Rd4 Ke7 39. Kf4 Rd6 40. Ng3 Rxd4 41. exd4 e3 42. h4 Kd6 43. g5 hxg5+ 44. hxg5 Nd5+ 45. Nxd5 Kxd5 46. Kxe3 Kc4 47. g6 fxg6 48. fxg6 Be8 49. Nf5 Bxg6 50. Nd6+ Kb3 51. Nxb7 Kxb2 52. a4 Kc3 53. Nc5 a5 54. Ne6 Be8 55. Nxg7 Bxa4 56. Ne6 Bc6 57. Nc5 Kc4 58. Kd2 Bd5 59. Kc2 Kb4 60. Kb2 Bf7 61. Nd3+ Kb5 62. Ka3 1/2-1/2

[Event "COL-ch Amateur"]
[Site "Colombia"]
[Date "2014.03.14"]
[Round "6"]
[White "Castaneda, Victor"]
[Black "Torres, Carlos"]
[Result "0-1"]
[WhiteElo "1901"]
[BlackElo "1709"]
[PlyCount "118"]
[EventDate "2014.03.12"]
[EventType "swiss"]
[EventRounds "9"]
[EventCountry "COL"]
[SourceTitle "CBM 159 Extra"]
[Source "ChessBase"]
[SourceDate "2014.04.24"]
[SourceVersion "1"]
[SourceVersionDate "2014.04.24"]
[SourceQuality "1"]

1. d4 Nf6 2. c4 e6 3. Nf3 b6 4. g3 Bb7 5. Bg2 Bb4+ 6. Nc3 0-0 7. 0-0 d6 8. Qc2 Nbd7 9. Bg5 h6 10. Bd2 Qe7 11. a3 Bxc3 12. Bxc3 Be4 13. Qa4 c5 14. Nd2 Bxg2 15. Kxg2 cxd4 16. Bxd4 e5 17. Bc3 Nc5 18. Qc2 Qb7+ 19. f3 Ng4 20. Qc1 Ne3+ 21. Kg1 Nxf1 22. Nxf1 Nb3 23. Qd1 Nxa1 24. Qxa1 Rac8 25. Qd1 Rfd8 26. Ne3 b5 27. cxb5 Qxb5 28. Nd5 Rc5 29. e4 Kf8 30. Qd2 Rdc8 31. Kg2 Rxd5 32. exd5 Rc5 33. Qe3 Rxd5 34. Qxa7 Qe2+ 35. Qf2 Qxf2+ 36. Kxf2 Ke7 37. Ke2 Kd7 38. Ke3 Rd1 39. h4 f6 40. h5 d5 41. Bb4 Ke6 42. Bf8 Rb1 43. Bxg7 Rxb2 44. Bxh6 d4+ 45. Kd3 Rb3+ 46. Ke2 Rxa3 47. g4 Ra2+ 48. Bd2 Kf7 49. Kd3 Ra8 50. Ke4 Ke6 51. f4 Ra2 52. f5+ Kf7 53. Bc1 Rc2 54. Bh6 Re2+ 55. Kd3 Rg2 56. g5 Rxg5 57. Bxg5 fxg5 58. h6 g4 59. Ke4 g3 0-1

[Event "COL-ch Amateur"]
[Site "Colombia"]
[Date "2014.03.14"]
[Round "5"]
[White "Rey, Luis Hernando"]
[Black "Castaneda, Victor"]
[Result "1/2-1/2"]
[WhiteElo "1688"]
[BlackElo "1901"]
[PlyCount "69"]
[EventDate "2014.03.12"]
[EventType "swiss"]
[EventRounds "9"]
[EventCountry "COL"]
[SourceTitle "CBM 159 Extra"]
[Source "ChessBase"]
[SourceDate "2014.04.24"]
[SourceVersion "1"]
[SourceVersionDate "2014.04.24"]
[SourceQuality "1"]

1. e4 e6 2. d4 d5 3. Nd2 Nf6 4. e5 Nfd7 5. Bd3 c5 6. c3 Nc6 7. Ne2 Qb6 8. Nf3 Be7 9. 0-0 0-0 10. b3 cxd4 11. cxd4 f6 12. exf6 Bxf6 13. Be3 Nb4 14. Bb1 Qd6 15. a3 Nc6 16. Bg5 e5 17. Bxf6 gxf6 18. Nh4 e4 19. Nf5 Qe6 20. Neg3 Kh8 21. Re1 Ne7 22. Qh5 Nxf5 23. Nxf5 Nb6 24. Ng3 f5 25. f4 Qf6 26. Qd1 Bd7 27. Ra2 Rac8 28. Qd2 Bb5 29. a4 Ba6 30. Rc2 Rxc2 31. Bxc2 Rc8 32. Bd1 Bd3 33. Ne2 Nd7 34. Qe3 Qc6 35. h3 1/2-1/2

[Event "Bogota University op 7th"]
[Site "Bogota"]
[Date "2013.10.13"]
[Round "8"]
[White "Castaneda, Victor"]
[Black "Penas Burgos, Nestor"]
[Result "0-1"]
[WhiteElo "1928"]
[BlackElo "1755"]
[PlyCount "70"]
[EventDate "2013.10.10"]
[EventType "swiss"]
[EventRounds "9"]
[EventCountry "COL"]
[SourceTitle "CBM 156 Extra"]
[Source "ChessBase"]
[SourceDate "2013.10.22"]
[SourceVersion "1"]
[SourceVersionDate "2013.10.22"]
[SourceQuality "1"]

1. d4 Nf6 2. c4 g6 3. Nc3 Bg7 4. Nf3 0-0 5. g3 d6 6. Bg2 c6 7. 0-0 Nbd7 8. Qc2 Re8 9. Rd1 e5 10. d5 cxd5 11. cxd5 a6 12. Bg5 h6 13. Bxf6 Nxf6 14. e4 Bd7 15. a4 Qb6 16. a5 Qa7 17. Nd2 Rac8 18. h3 Nh5 19. Qb3 Nxg3 20. Kh2 Nh5 21. Qb6 Qb8 22. Ra3 Nf4 23. Rb3 Rc7 24. Bf1 Qc8 25. Ne2 Nxe2 26. Bxe2 Ba4 27. Rg3 Bxd1 28. Bxd1 Rd8 29. b3 h5 30. Bf3 Bh6 31. Nc4 Bf4 32. Kg2 Bxg3 33. Kxg3 Rc5 34. Nxe5 Rb5 35. Qe3 dxe5 0-1

[Event "Bogota University op 7th"]
[Site "Bogota"]
[Date "2013.10.10"]
[Round "1"]
[White "Rozo Pulido, Claudia Magally"]
[Black "Castaneda, Victor"]
[Result "1-0"]
[WhiteElo "1499"]
[BlackElo "1928"]
[PlyCount "31"]
[EventDate "2013.10.10"]
[EventType "swiss"]
[EventRounds "9"]
[EventCountry "COL"]
[SourceTitle "CBM 156 Extra"]
[Source "ChessBase"]
[SourceDate "2013.10.22"]
[SourceVersion "1"]
[SourceVersionDate "2013.10.22"]
[SourceQuality "1"]

1. d4 d5 2. c4 c6 3. Nc3 Nf6 4. e3 e6 5. Qc2 Bd6 6. Nf3 Nbd7 7. Be2 0-0 8. b3 Re8 9. 0-0 e5 10. dxe5 Nxe5 11. Bb2 dxc4 12. bxc4 Nxf3+ 13. Bxf3 Qc7 14. h3 Qe7 15. Ne2 Nd5 16. Rad1 1-0

[Event "COL-ch"]
[Site "Ibague"]
[Date "2013.07.03"]
[Round "5"]
[White "Castaneda, Victor"]
[Black "Dominguez Rincon, Miller Duvan"]
[Result "0-1"]
[WhiteElo "1876"]
[BlackElo "2035"]
[PlyCount "76"]
[EventDate "2013.07.01"]
[EventType "swiss"]
[EventRounds "11"]
[EventCountry "COL"]
[SourceTitle "EXT 2014"]
[Source "ChessBase"]
[SourceDate "2013.11.20"]
[SourceVersion "1"]
[SourceVersionDate "2013.11.20"]
[SourceQuality "1"]

1. d4 d5 2. c4 e6 3. Nc3 c5 4. cxd5 exd5 5. Nf3 Nc6 6. g3 cxd4 7. Nxd4 Bc5 8. Nxc6 bxc6 9. Bg2 Nf6 10. 0-0 0-0 11. Bg5 Rb8 12. Na4 Bd6 13. Qd4 Rb4 14. Qd1 Re8 15. b3 Bg4 16. Re1 h6 17. Bxf6 Qxf6 18. Rc1 Rd4 19. Qc2 Bb4 20. Nc3 Bf5 21. Qb2 Qe7 22. Nb1 Bxe1 23. Rxe1 Qe5 24. Nd2 Re4 25. Qxe5 R4xe5 26. e3 Rb8 27. Rc1 Rb6 28. Nf3 Re8 29. Nd4 Bd7 30. Bf1 a5 31. a3 Kf8 32. Rc5 Ra8 33. Bd3 Ke7 34. Rc3 Kd6 35. Nc2 c5 36. a4 Rab8 37. Na1 Rb4 38. Kf1 c4 0-1